00589pam a2200193 a 4500008004100000020002200041100002300063245008200086250001200168260004000180300003500220504004100255500002000296650002500316650002700341003000100368005001700369040000900386  a039755009X (pbk.)1 aWeinstein, Sharon.10aPlumer's principles & practice of intravenous therapy /cSharon M. Weinstein. a5th ed. aPhiladelphia :bLippincott,cc1993. axxii, 616 p. :bill. ;c24 cm. aIncludes bibliographical references. aIncludes index. 0aIntravenous therapy. 2aInfusions, Parenteral.20230120203858.0 cNUST